| 000 | 00401nam a22001577a 4500 | ||
|---|---|---|---|
| 005 | 20241021142305.0 | ||
| 008 | 241021b |||||||| |||| 00| 0 eng d | ||
| 082 |
_a346.954 _bSAF-A |
||
| 100 | _aSafdar A Butt | ||
| 245 |
_aA Handbook for Company Directors in Pakistan / _cSafdar A Butt |
||
| 260 |
_apakistan _c2017 |
||
| 300 |
_a325p. _c24cm. |
||
| 650 | _aReference | ||
| 999 |
_c36701 _d36701 |
||